Автоматическое управление электроприводами: лекции; Ч. 2

Մատենագիտական մանրամասներ
Հիմնական հեղինակ: Бургин Б. Ш. Борис Шимельевич
Ամփոփում:Исключено из фонда НТБ ТПУ
Լեզու:ռուսերեն
Հրապարակվել է: Новосибирск, [Б. и.], 1971
Ձևաչափ: MixedMaterials Գիրք
KOHA link:https://koha.lib.tpu.ru/cgi-bin/koha/opac-detail.pl?biblionumber=378905

MARC

LEADER 00000nam0a2200000 4500
001 378905
005 20231101054912.0
035 |a (RuTPU)RU\TPU\retro\36366 
035 |a RU\TPU\book\33739 
090 |a 378905 
100 |a 20230620d1971 m y0rusy50 ca 
101 0 |a rus 
102 |a RU 
105 |a a j 001zy 
200 1 |a Автоматическое управление электроприводами  |h Ч. 2  |e лекции  |f Б. Ш Бургин 
210 |a Новосибирск  |c [Б. и.]  |d 1971 
215 |a 130 с. 
333 |a Исключено из фонда НТБ ТПУ 
675 |a 621.34-52(075.8)  |v 3 
700 1 |a Бургин  |b Б. Ш.  |g Борис Шимельевич 
801 0 |a RU  |b 63413507  |c 20011210  |g PSBO 
801 2 |a RU  |b 63413507  |c 20230620  |g RCR 
942 |c BK